Länder-Logical #5 - Statistiken

Allgemein
  • Dieses Quiz wurde 141 mal gespielt
  • Das Durchschnittsergebnis liegt bei 4 aus 9
Antwortstatistiken
Antwort % Korrekt
Belgien
82%
Luxemburg
76%
Niederlande
51%
Frankreich
47%
Österreich
45%
Dänemark
44%
Polen
39%
Schweiz
36%
Tschechien
28%
Keine übereinstimmenden Quizze gefunden
Verteilung der Resultate
Anzahl Personen mit jedem Resultat
Perzentil nach korrekt beantworteten Fragen
Ihre Resultats-Entwicklung
Sie haben dieses Quiz noch nicht gespielt